000 00322nam a22001337a 4500
003 OSt
005 20221117153035.0
008 221117b |||||||| |||| 00| 0 eng d
040 _cHU
082 _a620.112
100 _aKumar Ranjan
_937265
245 _aStrength Of Materials( Mechanics Of Solids)
942 _2ddc
_cBOOKS
_n0
999 _c35676
_d35676